000 00411nam a22001577a 4500
003 OSt
005 20231212065856.0
008 221210b xxu||||| |||| 00| 0 eng d
020 _a978-93-325-8709-0
040 _cIIMT UNIVERSITY, MEERUT
100 _aSTILL RICHARD.R
245 _aSALES AND DISTRIBUTION MANAGEMENT
260 _aNEW DELHI
_bPEARSON INDIA
_c2022
300 _a618
942 _2ddc
_c01
_e6 EDITION
999 _c56164
_d56164